| 000 | 02636cam a22004338i 4500 | ||
|---|---|---|---|
| 001 | 22760996 | ||
| 005 | 20241028145020.0 | ||
| 008 | 220822s2022 enk b 000 0 eng | ||
| 010 | _a 2022039641 | ||
| 020 |
_a9781009211093 _q(paperback) |
||
| 020 |
_z9781009211086 _q(ebook) |
||
| 040 |
_aDNLM/DLC _beng _erda _cDLC |
||
| 042 | _apcc | ||
| 050 | 0 | 0 | _aRA971 |
| 060 | 0 | 0 | _aW 84.1 |
| 082 | 0 | 0 |
_a362.1068 MAK _223/eng/20221110 |
| 245 | 0 | 0 |
_aMaking health systems work in low and middle income countries : _btextbook for public health practitioners / _cedited by Sameen Siddiqi, Awad Mataria, Katherine D. Rouleau, Meesha Iqbal. |
| 263 | _a2211 | ||
| 264 | 1 |
_aCambridge ; _aNew York, NY : _bCambridge University Press, _c2022. |
|
| 300 | _apages cm | ||
| 336 |
_atext _btxt _2rdacontent |
||
| 337 |
_aunmediated _bn _2rdamedia |
||
| 338 |
_avolume _bnc _2rdacarrier |
||
| 504 | _aIncludes bibliographical references. | ||
| 520 |
_a"1. Health Systems from Unfamiliarity to Inevitability During the 1970s and 80s, debates within countries and in many international forums indicated a growing dissatisfaction with the state of health and health services. This was accompanied by a broad recognition that the solution needed to include the development of comprehensive national health systems,[1] a perspective further supported by the Alma Ata Declaration on Primary Health Care as the leading strategy for Health for All.[2] While scholarship on strengthening health systems has continued since, questions of what is a health system, what are its boundaries and components, how it should be analyzed, and how to best improve health system performance remain contested and evolving matters. Early work on health systems was influenced by Milton Roemer's descriptive analysis of national health systems,[3] while the subsequent reports by WHO in 2000 and 2007[4, 5] helped solidify a shared understanding of health system functions, goals and objectives"-- _cProvided by publisher. |
||
| 650 | 1 | 2 |
_aDelivery of Health Care _xorganization & administration _9126526 |
| 650 | 2 | 2 |
_aHealth Policy _9126527 |
| 650 | 2 | 2 |
_aHealth Care Reform _9126528 |
| 650 | 2 | 2 |
_aPublic Health Administration _9126529 |
| 650 | 2 | 2 |
_aDeveloping Countries _912570 |
| 700 | 1 |
_aSiddiqi, Sameen, _eeditor. _9126530 |
|
| 700 | 1 |
_aMaṭarīyah, ʻAwaḍ, _eeditor. _9126531 |
|
| 700 | 1 |
_aRouleau, Katherine D., _eeditor. _9126532 |
|
| 700 | 1 |
_aIqbal, Meesha, _eeditor. _9126533 |
|
| 906 |
_a7 _bcbc _corignew _d1 _eecip _f20 _gy-gencatlg |
||
| 942 |
_2ddc _cBK |
||
| 999 |
_c612193 _d612193 |
||